000 01336cam a2200205 4500
001 ABS68354
008 041027n2004 000 0 eng u
035 _a(Sirsi) u127840
100 _aTinworth, A.
245 _aVision: technology special
260 _c2004
490 _aEstates Gazette
_v(0442) 16 October 2004, 146-151(6)
520 _aA series of articles focusing on technology issues. "The bits byte back" looks at a range of web-based tools which property firms such as Drivers Jonas are using. "Will the five year plan mean unemployment" shows how Kel Computing is developing data processing tools to help chartered surveyors adapt to changing market issues with the demise of the traditional five-year rent review. In "PISCES" is swimming upstream" the author Chris Rees describes his involvement in the development of electronic standard for real estate management known as PISCES and his role as Chair of the PISCES International Working Group. "A multi-channel forecast to log on" reports on a meeting of industry experts organised by the Estate Gazette and Lambert Smith Hampton to discuss the state of play in the broadband and connectivity market. Lists attendees.
590 _aABS
590 _aABS
650 _aBROADBAND
650 _aPISCES
690 _aINFORMATION TECHNOLOGY-INTERNET
942 _n0
999 _c118238
_d118238